[Event "GER-ch international (Women)"]
[Site "Bodenmais"]
[Date "2016.08.01"]
[Round "3"]
[White "Nyangar, Enkhmaa"]
[Black "Moerwald, Miriam"]
[Result "1-0"]
[WhiteElo "1715"]
[BlackElo "1618"]
[PlyCount "49"]
[EventDate "2016.07.30"]
[EventType "swiss"]
[EventRounds "9"]
[EventCountry "GER"]
[SourceTitle "EXT 2019"]
[Source "ChessBase"]
[SourceDate "2018.10.10"]
[SourceVersion "1"]
[SourceVersionDate "2018.10.10"]
[SourceQuality "1"]

1. e4 c6 2. d4 d5 3. e5 Bf5 4. f4 e6 5. Nf3 c5 6. c3 Nc6 7. Bd3 Bxd3 8. Qxd3 Qb6 9. b3 h5 10. Be3 Nh6 11. Nbd2 Nf5 12. a4 Be7 13. Bf2 a6 14. 0-0 h4 15. h3 Rh6 16. Rab1 Rg6 17. Rb2 Kd7 18. Rfb1 Na7 19. c4 cxd4 20. cxd5 Bc5 21. b4 Bf8 22. dxe6+ fxe6 23. Nxd4 Ke8 24. Nxf5 Rd8 25. Nd6+ 1-0

[Event "San Francisco TNM Summer op"]
[Site "San Francisco"]
[Date "2015.06.09"]
[Round "3"]
[White "Brown, Nicholas"]
[Black "Nyangar, Enkhmaa"]
[Result "0-1"]
[WhiteElo "1446"]
[BlackElo "1708"]
[PlyCount "62"]
[EventDate "2015.05.26"]
[EventType "swiss"]
[EventRounds "8"]
[EventCountry "USA"]
[SourceTitle "EXT 2016"]
[Source "ChessBase"]
[SourceDate "2015.10.08"]
[SourceVersion "1"]
[SourceVersionDate "2015.10.08"]
[SourceQuality "1"]

1. d4 d5 2. c4 Nf6 3. cxd5 Nxd5 4. e4 Nf6 5. Nc3 Nc6 6. Nf3 Bg4 7. Be3 e6 8. a3 Bxf3 9. gxf3 a6 10. Qd2 Qd7 11. 0-0-0 b5 12. Na2 Rb8 13. b4 a5 14. Kb1 axb4 15. axb4 Qc8 16. Rc1 Qa6 17. Rc2 Ra8 18. Qc3 Nxb4 19. Nxb4 Bxb4 20. Qc6+ Qxc6 21. Rxc6 0-0 22. Be2 Ra5 23. Rhc1 Rfa8 24. Rxc7 Bf8 25. Rc8 Ra1+ 26. Kb2 R8a2+ 27. Kb3 Rxc1 28. Bxc1 Rxe2 29. Ba3 Nd7 30. Rd8 Rxf2 31. Rxd7 Rxf3+ 0-1

[Event "San Francisco TNM Winter op"]
[Site "San Francisco"]
[Date "2015.01.06"]
[Round "1"]
[White "Nyangar, Enkhmaa"]
[Black "Vickers, Keith"]
[Result "0-1"]
[WhiteElo "1663"]
[BlackElo "2200"]
[PlyCount "74"]
[EventDate "2015.01.06"]
[EventType "swiss"]
[EventRounds "8"]
[EventCountry "USA"]
[SourceTitle "EXT 2016"]
[Source "ChessBase"]
[SourceDate "2015.10.08"]
[SourceVersion "1"]
[SourceVersionDate "2015.10.08"]
[SourceQuality "1"]

1. e4 d5 2. e5 c5 3. f4 Nc6 4. Nf3 Bf5 5. c3 e6 6. d4 Rc8 7. Be2 Qb6 8. b3 cxd4 9. cxd4 Nb4 10. Na3 Nc2+ 11. Kf2 Nxa3 12. Bb2 Bb4 13. Rc1 Rc6 14. Rxc6 Qxc6 15. Bxa3 Bxa3 16. Qd2 Qb6 17. h3 Ne7 18. g4 Be4 19. Rg1 Bxf3 20. Kxf3 0-0 21. Bd3 Rc8 22. f5 Qb4 23. Qf4 Qc3 24. Rd1 Bc1 25. Qg3 Qxd4 26. Kg2 Bf4 27. Qh4 g5 28. Qh6 exf5 29. Bxf5 Qb2+ 30. Kf1 Nxf5 31. gxf5 Rc2 32. Qh5 Qxe5 33. Re1 Qxf5 34. Qf3 Kg7 35. h4 Qf6 36. hxg5 Bxg5 37. Qxf6+ Bxf6 0-1

[Event "San Francisco TNM Fall op"]
[Site "San Francisco"]
[Date "2014.11.18"]
[Round "4"]
[White "Nyangar, Enkhmaa"]
[Black "Askin, David"]
[Result "0-1"]
[WhiteElo "1769"]
[BlackElo "2007"]
[PlyCount "78"]
[EventDate "2014.10.21"]
[EventType "swiss"]
[EventRounds "8"]
[EventCountry "USA"]
[SourceTitle "EXT 2016"]
[Source "ChessBase"]
[SourceDate "2015.10.08"]
[SourceVersion "1"]
[SourceVersionDate "2015.10.08"]
[SourceQuality "1"]

1. e4 c6 2. d4 d5 3. Nc3 dxe4 4. Nxe4 Bf5 5. Ng3 Bg6 6. Nf3 Nd7 7. Nh4 e6 8. Nxg6 hxg6 9. a3 Ngf6 10. Qf3 Bd6 11. Bg5 Qa5+ 12. c3 Qxg5 13. Bd3 Qg4 14. Qxg4 Nxg4 15. Ne4 Be7 16. h3 Ngf6 17. Nd2 0-0-0 18. b4 e5 19. b5 c5 20. dxc5 Nxc5 21. Bc4 Nd5 22. Nf3 f6 23. 0-0 Nxc3 24. Rfc1 Nd5 25. a4 Kb8 26. a5 Nf4 27. Rab1 e4 28. Ne1 Rd2 29. b6 a6 30. Bf1 Rhd8 31. Nc2 Nfd3 32. Nb4 Nxc1 33. Rxc1 Ne6 34. Nc6+ bxc6 35. Rxc6 R8d6 36. Rc3 Rd1 37. g3 Ra1 38. Kg2 Rxa5 39. Rb3 Nd4 0-1

[Event "San Francisco TNM Summer op"]
[Site "San Francisco"]
[Date "2014.07.08"]
[Round "7"]
[White "Nyangar, Enkhmaa"]
[Black "Oyuntseren, Togtokh"]
[Result "0-1"]
[WhiteElo "1807"]
[BlackElo "1395"]
[PlyCount "50"]
[EventDate "2014.05.27"]
[EventType "swiss"]
[EventRounds "8"]
[EventCountry "USA"]
[SourceTitle "EXT 2016"]
[Source "ChessBase"]
[SourceDate "2015.10.08"]
[SourceVersion "1"]
[SourceVersionDate "2015.10.08"]
[SourceQuality "1"]

1. e4 c5 2. Nf3 Nc6 3. d4 cxd4 4. Nxd4 Qc7 5. Nc3 a6 6. f4 e6 7. Be3 Bb4 8. Qd3 Nf6 9. 0-0-0 Bxc3 10. bxc3 d5 11. exd5 Nxd5 12. g3 Bd7 13. Nb3 Nxe3 14. Qxe3 b6 15. Bg2 Rd8 16. f5 0-0 17. f6 Ne5 18. fxg7 Kxg7 19. h4 f6 20. h5 h6 21. Nd4 Qc5 22. Bf1 Rc8 23. Rh4 Qa3+ 24. Kd2 Rfd8 25. Bd3 Rxc3 0-1

[Event "San Francisco TNM Summer op"]
[Site "San Francisco"]
[Date "2014.05.27"]
[Round "1"]
[White "Schlosberg, Max"]
[Black "Nyangar, Enkhmaa"]
[Result "0-1"]
[WhiteElo "1162"]
[BlackElo "1807"]
[PlyCount "46"]
[EventDate "2014.05.27"]
[EventType "swiss"]
[EventRounds "8"]
[EventCountry "USA"]
[SourceTitle "EXT 2016"]
[Source "ChessBase"]
[SourceDate "2015.10.08"]
[SourceVersion "1"]
[SourceVersionDate "2015.10.08"]
[SourceQuality "1"]

1. e4 c5 2. Nc3 Nc6 3. f4 g6 4. Bc4 Bg7 5. Nf3 d6 6. 0-0 Na5 7. Bd5 e6 8. Bb3 Ne7 9. d4 cxd4 10. Nxd4 Qb6 11. Be3 Nxb3 12. axb3 Nc6 13. Nf5 Qd8 14. Nxg7+ Kf8 15. Bd4 e5 16. fxe5 dxe5 17. Nf5 exd4 18. Nxd4 Qxd4+ 19. Qxd4 Nxd4 20. Nd5 Be6 21. Nc7 Rc8 22. Nxe6+ Nxe6 23. Rxa7 Rxc2 0-1

[Event "San Francisco TNM Winter op"]
[Site "San Francisco"]
[Date "2014.01.14"]
[Round "2"]
[White "Todortsev, Victor"]
[Black "Nyangar, Enkhmaa"]
[Result "1-0"]
[WhiteElo "1951"]
[BlackElo "1645"]
[PlyCount "51"]
[EventDate "2014.01.07"]
[EventType "swiss"]
[EventRounds "8"]
[EventCountry "USA"]
[SourceTitle "EXT 2016"]
[Source "ChessBase"]
[SourceDate "2015.10.08"]
[SourceVersion "1"]
[SourceVersionDate "2015.10.08"]
[SourceQuality "1"]

1. e4 c5 2. Nf3 d6 3. d4 cxd4 4. Nxd4 Nc6 5. Be3 Nf6 6. f3 g6 7. Nc3 Bg7 8. Bc4 0-0 9. Qd2 Na5 10. Be2 a6 11. Bh6 Qb6 12. Bxg7 Kxg7 13. 0-0-0 e5 14. Nf5+ Kg8 15. g4 Be6 16. Qg5 Ne8 17. Qh6 Nc6 18. Rxd6 gxf5 19. gxf5 Bc8 20. Rdd1 Qc5 21. f6 Nd4 22. Rhg1+ Kh8 23. Rg7 Nxf6 24. Qxf6 Nxe2+ 25. Nxe2 Qc6 26. Rg8+ 1-0

[Event "San Francisco TNM Fall op"]
[Site "San Francisco"]
[Date "2013.11.19"]
[Round "5"]
[White "Nyangar, Enkhmaa"]
[Black "Pettit, Aladdin"]
[Result "1-0"]
[WhiteElo "1570"]
[BlackElo "1514"]
[PlyCount "67"]
[EventDate "2013.10.22"]
[EventType "swiss"]
[EventRounds "9"]
[EventCountry "USA"]
[SourceTitle "EXT 2016"]
[Source "ChessBase"]
[SourceDate "2015.10.08"]
[SourceVersion "1"]
[SourceVersionDate "2015.10.08"]
[SourceQuality "1"]

1. e4 c5 2. f4 Nc6 3. Nf3 d6 4. Bc4 Nf6 5. Nc3 e6 6. 0-0 Be7 7. a3 0-0 8. e5 dxe5 9. fxe5 Nd7 10. Qe2 a6 11. Kh1 b5 12. Bd3 Qc7 13. Be4 Rb8 14. d3 Nd4 15. Qf2 Nxf3 16. Bxf3 Nxe5 17. Bf4 Bd6 18. Be4 f5 19. Bg3 fxe4 20. Qe3 Rxf1+ 21. Rxf1 Bb7 22. Nxe4 Bxe4 23. Qxe4 Rf8 24. Re1 Qb8 25. c3 Rf6 26. Bh4 Rg6 27. h3 c4 28. d4 Nd3 29. Re2 Bg3 30. Bxg3 Qxg3 31. Qc6 Nf2+ 32. Kg1 Nxh3+ 33. Kh1 Nf4 34. Qe8# 1-0

[Event "San Francisco Neil Falconer op"]
[Site "San Francisco"]
[Date "2013.10.01"]
[Round "9"]
[White "McCarty Snead, Callaghan"]
[Black "Nyangar, Enkhmaa"]
[Result "0-1"]
[WhiteElo "1736"]
[BlackElo "1570"]
[PlyCount "62"]
[EventDate "2013.08.06"]
[EventType "swiss"]
[EventRounds "9"]
[EventCountry "USA"]
[SourceTitle "EXT 2016"]
[Source "ChessBase"]
[SourceDate "2015.10.08"]
[SourceVersion "1"]
[SourceVersionDate "2015.10.08"]
[SourceQuality "1"]

1. e4 c5 2. Nf3 Nc6 3. Nc3 e5 4. Bc4 Be7 5. 0-0 Nf6 6. d3 Na5 7. Bb3 0-0 8. Nxe5 Qc7 9. Nf3 Nxb3 10. axb3 b6 11. e5 Ng4 12. Nd5 Qd8 13. h3 Nh6 14. Bxh6 gxh6 15. Qd2 Bg5 16. Nxg5 hxg5 17. Nf6+ Kh8 18. Qxg5 Rg8 19. Qh4 Rg7 20. Qe4 d5 21. Qh4 Bb7 22. f3 d4 23. Qf2 Qc8 24. Qh4 Qf5 25. Ng4 a5 26. Qf6 Qh5 27. Rfe1 Rag8 28. e6 fxe6 29. Rxe6 Bd5 30. Re5 Qf7 31. Qxf7 Bxf7 0-1

[Event "San Francisco Neil Falconer op"]
[Site "San Francisco"]
[Date "2013.09.17"]
[Round "7"]
[White "Drane, Robert W"]
[Black "Nyangar, Enkhmaa"]
[Result "1-0"]
[WhiteElo "1811"]
[BlackElo "1570"]
[PlyCount "63"]
[EventDate "2013.08.06"]
[EventType "swiss"]
[EventRounds "9"]
[EventCountry "USA"]
[SourceTitle "EXT 2016"]
[Source "ChessBase"]
[SourceDate "2015.10.08"]
[SourceVersion "1"]
[SourceVersionDate "2015.10.08"]
[SourceQuality "1"]

1. e4 c5 2. Nf3 Nc6 3. Bb5 a6 4. Bxc6 bxc6 5. 0-0 d6 6. h3 Nf6 7. Re1 e5 8. c3 Be7 9. d4 cxd4 10. cxd4 Nd7 11. dxe5 dxe5 12. Nbd2 0-0 13. Nc4 Qc7 14. Be3 Bb7 15. Rc1 f5 16. Ng5 Bxg5 17. Bxg5 fxe4 18. Be7 Rf7 19. Bd6 Qd8 20. Qb3 Qc8 21. Bxe5 Nc5 22. Qe3 Nd3 23. Nd6 Qe6 24. Nxf7 Qxf7 25. Qg3 Re8 26. Bc3 c5 27. Rcd1 Nxe1 28. Rxe1 h6 29. Rd1 Bd5 30. Rxd5 Re6 31. Re5 Rg6 32. Qe3 1-0

[Event "San Francisco Neil Falconer op"]
[Site "San Francisco"]
[Date "2013.09.10"]
[Round "6"]
[White "Nyangar, Enkhmaa"]
[Black "Shnaiderman, Lazar"]
[Result "1-0"]
[WhiteElo "1570"]
[BlackElo "1800"]
[PlyCount "31"]
[EventDate "2013.08.06"]
[EventType "swiss"]
[EventRounds "9"]
[EventCountry "USA"]
[SourceTitle "EXT 2016"]
[Source "ChessBase"]
[SourceDate "2015.10.08"]
[SourceVersion "1"]
[SourceVersionDate "2015.10.08"]
[SourceQuality "1"]

1. e4 c5 2. Nf3 g6 3. d4 cxd4 4. Qxd4 Nf6 5. e5 Nc6 6. Qa4 Nd5 7. Qe4 Nb6 8. Nc3 Bg7 9. Bf4 0-0 10. 0-0-0 a6 11. h4 Qe8 12. h5 Nd8 13. hxg6 fxg6 14. Be3 d5 15. Qh4 Qc6 16. Qxh7+ 1-0

[Event "San Francisco Neil Falconer op"]
[Site "San Francisco"]
[Date "2013.09.03"]
[Round "5"]
[White "Nyangar, Enkhmaa"]
[Black "Chinguun, Bayaraa"]
[Result "1-0"]
[WhiteElo "1570"]
[BlackElo "1729"]
[PlyCount "105"]
[EventDate "2013.08.06"]
[EventType "swiss"]
[EventRounds "9"]
[EventCountry "USA"]
[SourceTitle "EXT 2016"]
[Source "ChessBase"]
[SourceDate "2015.10.08"]
[SourceVersion "1"]
[SourceVersionDate "2015.10.08"]
[SourceQuality "1"]

1. e4 c5 2. Nf3 d6 3. Nc3 Nc6 4. Bb5 Bd7 5. d4 cxd4 6. Nxd4 Nf6 7. 0-0 g6 8. Re1 Bg7 9. Be3 0-0 10. Nxc6 Bxc6 11. Bd3 Nd7 12. Qd2 Ne5 13. Rad1 Nxd3 14. cxd3 a6 15. d4 b5 16. d5 Bb7 17. b4 Rc8 18. Bd4 Bxd4 19. Qxd4 Rc4 20. Qe3 Qc7 21. Rd3 Kg7 22. a3 Rc8 23. Ne2 a5 24. bxa5 Qxa5 25. Nf4 Rc3 26. h4 Rxd3 27. Nxd3 Qxa3 28. Qd4+ Kg8 29. Re3 Qc3 30. Qa7 Qc7 31. h5 Ra8 32. Qd4 Ra4 33. Qb2 Qc4 34. h6 f6 35. Qe2 Ra1+ 36. Kh2 Bc8 37. Rg3 Ra2 38. Qe3 Ra3 39. Qb6 Ra8 40. Qd8+ Kf7 41. Qh8 Qxe4 42. Qxh7+ Kf8 43. Qg7+ Ke8 44. h7 Qh4+ 45. Rh3 Bxh3 46. h8Q+ Qxh8 47. Qxh8+ Kd7 48. Qxa8 Bf5 49. Qc6+ Kd8 50. Qxb5 Bd7 51. Qb8+ Bc8 52. Nf4 Ke8 53. Qxc8+ 1-0

[Event "San Francisco Neil Falconer op"]
[Site "San Francisco"]
[Date "2013.08.13"]
[Round "2"]
[White "Kottcamp, Jeff"]
[Black "Nyangar, Enkhmaa"]
[Result "1-0"]
[WhiteElo "1788"]
[BlackElo "1570"]
[PlyCount "63"]
[EventDate "2013.08.06"]
[EventType "swiss"]
[EventRounds "9"]
[EventCountry "USA"]
[SourceTitle "EXT 2016"]
[Source "ChessBase"]
[SourceDate "2015.10.08"]
[SourceVersion "1"]
[SourceVersionDate "2015.10.08"]
[SourceQuality "1"]

1. e4 e5 2. Nf3 Nc6 3. Bc4 Bc5 4. b4 Bb6 5. a4 Nxb4 6. c3 d5 7. exd5 Nxd5 8. 0-0 Bg4 9. a5 Bc5 10. Qa4+ c6 11. Bxd5 Nf6 12. Bxc6+ bxc6 13. Qxc6+ Nd7 14. Nxe5 Be6 15. Nxd7 Rc8 16. Qf3 Qxd7 17. d4 Be7 18. Ba3 0-0 19. Bxe7 Qxe7 20. Nd2 Qd7 21. Rab1 Bd5 22. Qd3 Qg4 23. f3 Qg5 24. c4 Be6 25. Rb5 Qd8 26. d5 Bd7 27. Rb7 a6 28. Rb6 Qg5 29. Ne4 Qf4 30. Rxa6 Bf5 31. Qd4 Qc7 32. Nd6 1-0

[Event "San Francisco TNM Spring op"]
[Site "San Francisco"]
[Date "2013.05.07"]
[Round "8"]
[White "Otterbach, Renate"]
[Black "Nyangar, Enkhmaa"]
[Result "0-1"]
[WhiteElo "899"]
[BlackElo "1564"]
[PlyCount "42"]
[EventDate "2013.03.19"]
[EventType "swiss"]
[EventRounds "8"]
[EventCountry "USA"]
[SourceTitle "EXT 2016"]
[Source "ChessBase"]
[SourceDate "2015.10.08"]
[SourceVersion "1"]
[SourceVersionDate "2015.10.08"]
[SourceQuality "1"]

1. d4 d5 2. e3 Nf6 3. Bd3 Nc6 4. Nd2 e5 5. c3 Bd6 6. f4 exf4 7. e4 0-0 8. Ngf3 Re8 9. 0-0 dxe4 10. Nxe4 Nxe4 11. Re1 Nf6 12. Rf1 Bg4 13. Qc2 Bxf3 14. gxf3 Ne7 15. Kh1 Ng6 16. Bd2 c5 17. c4 cxd4 18. c5 Bc7 19. Rg1 Qd5 20. Raf1 Ne5 21. Bc4 Nxc4 0-1